00776nam a2200181 a 4500003000200000005001700002008004100019050003000060100002100090245011000111260009200221300003900313504004100352650005700393650004200450650006000492650004200552020250508135403.0021114s19uu xx 00 eng d aPGS LB 1033.5b.R995 2002 aRyon, Jessica L. aThe relationship between the teachers and students of Southville International School /cJessica L. Ryon. aLas Piñas City, Philippines : bSouthville International School and Colleges,c2002. a28 pages :billustration :c28 cm. aIncludes bibliographical references. aTeacher-student relationshipsvElementary education. aInterpersonal relations in education. aElementary school students vAttitudes toward teachers. aTeachers vAttitudes toward students.